[Event "Dutch League 2023-24"]
[Site "Netherlands NED"]
[Date "2023.11.25"]
[Round "4.1"]
[White "De Rover, Yong Hoon"]
[Black "Fridman, Daniel"]
[Result "0-1"]
[WhiteTitle "IM"]
[BlackTitle "GM"]
[WhiteElo "2317"]
[BlackElo "2591"]
[WhiteTeam "De Waagtoren"]
[BlackTeam "HMC Den Bosch"]
[WhiteFideId "1010298"]
[BlackFideId "11600454"]
[EventDate "2023.09.16"]
[EventType "team"]

1. e4 e6 2. d4 d5 3. Nc3 Nf6 4. e5 Nfd7 5. f4 c5 6. Nf3 Nc6 7. Be3 Qb6 8. Na4
Qa5+ 9. c3 b6 10. a3 c4 11. Be2 Ba6 12. O-O Be7 13. f5 exf5 14. b4 cxb3 15. Bxa6
Qxa6 16. Qxb3 Rd8 17. Ng5 Nf8 18. Rxf5 Bxg5 19. Bxg5 Rd7 20. Nb2 Ne6 21. Bd2 O-O
22. Raf1 Rc8 23. h4 Qe2 24. R1f2 Qg4 25. h5 h6 26. Qb5 Rcc7 27. Qf1 Na5 28. R2f3
Nb3 29. Qd3 Qe4 30. Bf4 Qxd3 31. Rxd3 Nxf4 32. Rxf4 Nc1 33. Re3 Rxc3 34. e6 fxe6
35. Rxe6 Rc8 36. Nd1 Rf8 37. Rg4 Rf5 38. Rxh6 Ne2+ 39. Kh2 Rd6 0-1

[Event "Dutch League 2023-24"]
[Site "Netherlands NED"]
[Date "2023.11.25"]
[Round "4.2"]
[White "Zatonskih, Anna"]
[Black "Reinderman, Dimitri"]
[Result "1/2-1/2"]
[WhiteTitle "IM"]
[BlackTitle "GM"]
[WhiteElo "2342"]
[BlackElo "2573"]
[WhiteTeam "HMC Den Bosch"]
[BlackTeam "De Waagtoren"]
[WhiteFideId "14101572"]
[BlackFideId "1001302"]
[EventDate "2023.09.16"]
[EventType "team"]

1. d4 f5 2. g3 Nf6 3. Bg2 g6 4. Nd2 Bg7 5. e4 fxe4 6. Nxe4 Nxe4 7. Bxe4 d5 8.
Bg2 Nc6 9. Ne2 Bg4 10. c3 O-O 11. h3 Bxe2 12. Qxe2 e5 13. dxe5 Nxe5 14. O-O c6
15. Bf4 Re8 16. Bxe5 Rxe5 17. Qd2 Qa5 18. Rfe1 d4 19. Rxe5 Bxe5 20. Qc2 dxc3 21.
bxc3 Rf8 22. Rb1 Qc5 23. g4 Rf7 24. Rc1 Kg7 25. Be4 Bc7 26. Rd1 Bb6 27. Rd2 Qe5
28. Re2 Qf4 29. Bg2 Bc5 30. Qd2 Qf6 31. Be4 h5 32. Kg2 hxg4 33. hxg4 Bd6 34. Qe3
Bf4 35. Qd3 Bc7 36. Qd4 Be5 37. Qd3 Qf4 38. Qh3 Qg5 39. Bf3 Rf8 40. Qh1 Bxc3 41.
Qb1 Rf7 42. Re6 Bd4 43. Qd3 c5 44. a4 b6 45. Qe4 Kh7 46. Kg3 Kh6 47. Kg2 Rf6 48.
Rxf6 Qxf6 49. Qe2 Kg7 50. Bd5 Qd6 51. Qe4 Qf6 52. f4 g5 53. f5 Be5 54. Bc4 Qd6
55. Qd5 Qxd5+ 56. Bxd5 Kf6 57. Kf3 Ke7 58. Ke4 Kd6 59. Bc4 1/2-1/2

[Event "Dutch League 2023-24"]
[Site "Netherlands NED"]
[Date "2023.11.25"]
[Round "4.3"]
[White "De Ruiter, Danny"]
[Black "Burg, Twan"]
[Result "1/2-1/2"]
[WhiteTitle "FM"]
[BlackTitle "GM"]
[WhiteElo "2251"]
[BlackElo "2509"]
[WhiteTeam "De Waagtoren"]
[BlackTeam "HMC Den Bosch"]
[WhiteFideId "1020650"]
[BlackFideId "1010697"]
[EventDate "2023.09.16"]
[EventType "team"]

1. d4 Nf6 2. c4 e6 3. Nf3 d5 4. g3 Bb4+ 5. Bd2 Be7 6. Bg2 O-O 7. Nc3 c6 8. O-O
Nbd7 9. Qc2 dxc4 10. Rfd1 b5 11. a4 b4 12. Ne4 Ba6 13. Nxf6+ gxf6 14. Bh6 Re8
15. Qe4 Bf8 16. Bxf8 Nxf8 17. Qxc6 Qa5 18. Nd2 Rac8 19. Qf3 f5 20. Qh5 Qd8 21.
Nf3 Qf6 22. Ne5 c3 23. Bc6 Red8 24. bxc3 bxc3 25. Rac1 Ng6 26. f4 Qg7 27. Qf3
Nxe5 28. dxe5 Qf8 29. Rxd8 Qxd8 30. Rxc3 Qd4+ 31. Kf1 Bb7 32. Rd3 Qa1+ 33. Kf2
Bxc6 34. Qh5 Qxa4 35. Qg5+ Kf8 36. Qf6 Kg8 37. Qg5+ Kf8 38. Qf6 Kg8 39. Qg5+ 1/2-1/2

[Event "Dutch League 2023-24"]
[Site "Netherlands NED"]
[Date "2023.11.25"]
[Round "4.4"]
[White "Bosch, Jeroen"]
[Black "Agter, Frank"]
[Result "1-0"]
[WhiteTitle "IM"]
[WhiteElo "2404"]
[BlackElo "2244"]
[WhiteTeam "HMC Den Bosch"]
[BlackTeam "De Waagtoren"]
[WhiteFideId "1001280"]
[BlackFideId "1017349"]
[EventDate "2023.09.16"]
[EventType "team"]

1. d4 d5 2. c4 Nc6 3. e3 e5 4. dxe5 d4 5. a3 a5 6. Nf3 Bc5 7. exd4 Bxd4 8. Be2
Nge7 9. O-O Bf5 10. Nc3 Bxe5 11. Nxe5 Nxe5 12. Be3 O-O 13. Qb3 N7c6 14. Nd5 a4
15. Qc3 Rc8 16. Rad1 Qh4 17. Bf4 Rfe8 18. Rfe1 f6 19. f3 Be6 20. Bg3 Qh6 21. Bf1
Bxd5 22. cxd5 Ne7 23. Qc2 Qg6 24. Qxg6 N7xg6 25. Bb5 c6 26. Bxa4 b5 27. Bb3 cxd5
28. Rxd5 Kh8 29. Rxb5 h6 30. a4 Rcd8 31. h3 Nf4 32. Kf1 Ned3 33. Rxe8+ Rxe8 34.
Bc2 Rc8 35. Bxd3 Nxd3 36. a5 1-0

[Event "Dutch League 2023-24"]
[Site "Netherlands NED"]
[Date "2023.11.25"]
[Round "4.5"]
[White "Keetman, Maaike"]
[Black "Martens, Martin"]
[Result "1/2-1/2"]
[WhiteTitle "WFM"]
[BlackTitle "IM"]
[WhiteElo "2118"]
[BlackElo "2313"]
[WhiteTeam "De Waagtoren"]
[BlackTeam "HMC Den Bosch"]
[WhiteFideId "1033697"]
[BlackFideId "1000683"]
[EventDate "2023.09.16"]
[EventType "team"]

1. e4 c6 2. Nc3 d5 3. Nf3 Bg4 4. h3 Bxf3 5. Qxf3 e6 6. Be2 Bc5 7. O-O Nd7 8. Na4
Bd4 9. c3 Bf6 10. b4 Ne7 11. d4 e5 12. Bb2 O-O 13. Rfd1 exd4 14. cxd4 dxe4 15.
Qxe4 Nd5 16. a3 Re8 17. Qc2 Be7 18. b5 cxb5 19. Bxb5 a6 20. Bc4 N7f6 21. Nc3 b5
22. Ba2 Ra7 23. Nxd5 Nxd5 24. Qc6 Nf4 1/2-1/2

[Event "Dutch League 2023-24"]
[Site "Netherlands NED"]
[Date "2023.11.25"]
[Round "4.6"]
[White "Van der Stricht, Geert"]
[Black "Van Tellingen, Frank"]
[Result "1/2-1/2"]
[WhiteTitle "IM"]
[BlackTitle "FM"]
[WhiteElo "2303"]
[BlackElo "2275"]
[WhiteTeam "HMC Den Bosch"]
[BlackTeam "De Waagtoren"]
[WhiteFideId "201324"]
[BlackFideId "1011421"]
[EventDate "2023.09.16"]
[EventType "team"]

1. d4 Nf6 2. c4 g6 3. Nc3 Bg7 4. e4 d6 5. Be2 O-O 6. Nf3 Nbd7 7. O-O e5 8. Re1
Re8 9. d5 Nc5 10. Qc2 a5 11. Bf1 Nh5 12. Be3 b6 13. a3 f5 14. b4 f4 15. Bxc5
bxc5 16. bxc5 dxc5 17. Rab1 Rf8 18. Na4 g5 19. h3 g4 20. hxg4 Bxg4 21. Nh2 Qh4
22. f3 Bc8 23. Nxc5 Rf6 24. Ne6 Bxe6 25. dxe6 Ng3 26. c5 Rh6 27. Ng4 Rg6 28.
Red1 Qh1+ 29. Kf2 Qh4 30. Kg1 Qh1+ 31. Kf2 Qh4 32. Kg1 Qh1+ 1/2-1/2

[Event "Dutch League 2023-24"]
[Site "Netherlands NED"]
[Date "2023.11.25"]
[Round "4.7"]
[White "Konijn, Rob"]
[Black "Mollema, Thomas"]
[Result "1/2-1/2"]
[BlackTitle "CM"]
[WhiteElo "2110"]
[BlackElo "2227"]
[WhiteTeam "De Waagtoren"]
[BlackTeam "HMC Den Bosch"]
[WhiteFideId "1011278"]
[BlackFideId "1034987"]
[EventDate "2023.09.16"]
[EventType "team"]

1. e4 e5 2. Nf3 Nf6 3. Nc3 Bb4 4. a3 Bxc3 5. dxc3 d6 6. Bd3 Nbd7 7. Bg5 h6 8.
Be3 b6 9. Nd2 Bb7 10. f3 a6 11. Qe2 Nf8 12. O-O-O Ne6 13. g3 g5 14. Rhf1 Qe7 15.
Nc4 Nd7 16. Bd2 Nec5 17. Ne3 Nxd3+ 18. cxd3 Qe6 19. Kb1 d5 20. exd5 Bxd5 21.
Nxd5 Qxd5 1/2-1/2

[Event "Dutch League 2023-24"]
[Site "Netherlands NED"]
[Date "2023.11.25"]
[Round "4.8"]
[White "Schoorl, Rob"]
[Black "Van Liempt, Michael"]
[Result "1-0"]
[WhiteTitle "FM"]
[WhiteElo "2341"]
[BlackElo "2126"]
[WhiteTeam "HMC Den Bosch"]
[BlackTeam "De Waagtoren"]
[WhiteFideId "1009508"]
[BlackFideId "1012665"]
[EventDate "2023.09.16"]
[EventType "team"]

1. Nf3 c5 2. g3 Nc6 3. Bg2 d6 4. c4 g6 5. Nc3 Bg7 6. O-O e5 7. a3 Nge7 8. d3 Rb8
9. Bg5 f6 10. Bd2 Be6 11. b4 O-O 12. Ne1 d5 13. b5 Nd4 14. e3 dxc4 15. exd4 cxd4
16. Ne4 c3 17. Bc1 Bd5 18. a4 f5 19. Nc5 Bxg2 20. Nxg2 Qd5 21. Qb3 Qxb3 22. Nxb3
Nd5 23. Ba3 Rfe8 24. Rfe1 e4 25. Rad1 Rbc8 26. dxe4 c2 27. Rd2 Rxe4 28. Nc1 Rc4
29. f3 Rxe1+ 30. Nxe1 Ne3 31. Bd6 Rxa4 32. Bf4 Ra1 33. Ned3 Nd5 34. Rxc2 Nc3 35.
Kg2 Rb1 36. Ne2 Rxb5 37. Kf2 a5 38. Bd2 Nd1+ 39. Ke1 Ne3 40. Ra2 Rb1+ 41. Nec1
b6 42. Rb2 Rxb2 43. Nxb2 Nd5 44. Ke2 h5 45. Kd3 h4 46. Ne2 Ne3 47. Bxe3 dxe3 48.
Nc4 a4 49. Nxb6 a3 50. Nc1 h3 51. Nc4 g5 52. Nxe3 f4 53. gxf4 gxf4 54. Ng4 Kf7
55. Nf2 Kg6 56. Ke4 Kg5 57. Nxh3+ Kh4 58. Nxf4 Bc3 59. Na2 Bb2 60. Ng2+ Kh3 61.
Ne3 Kxh2 62. Nc4 Bg7 63. Nxa3 Bh6 64. Nc4 Kh3 65. Nd6 Bg5 66. Nf5 Bd2 67. Ne3
Kh4 68. f4 Kh5 69. f5 Ba5 70. Ke5 Kh6 71. Ke6 Bd8 72. Nb4 Kg7 73. Nc4 Bg5 74.
Ne5 Bh4 75. Nf3 Bd8 76. Nd5 Kf8 77. Kd7 Ba5 78. f6 Kf7 79. Ne5+ Kf8 80. Ke6 1-0

[Event "Dutch League 2023-24"]
[Site "Netherlands NED"]
[Date "2023.11.25"]
[Round "4.10"]
[White "Broekmeulen, Jasper"]
[Black "Bakker, Tycho"]
[Result "1-0"]
[WhiteTitle "IM"]
[WhiteElo "2387"]
[BlackElo "1940"]
[WhiteTeam "HMC Den Bosch"]
[BlackTeam "De Waagtoren"]
[WhiteFideId "1013440"]
[BlackFideId "1077023"]
[EventDate "2023.09.16"]
[EventType "team"]

1. b3 e5 2. Bb2 Nc6 3. e3 d5 4. Bb5 Ne7 5. Bxe5 a6 6. Bxc6+ Nxc6 7. Bb2 Qg5 8.
Kf1 Bg4 9. Nf3 Qh5 10. d3 O-O-O 11. h3 Rd6 12. Nbd2 Rg6 13. Rg1 Bd7 14. Ne5
Qxd1+ 15. Rxd1 Nxe5 16. Bxe5 Rc6 17. c4 f6 18. Bb2 dxc4 19. dxc4 b5 20. Ke2 Bb4
21. Nf3 bxc4 22. Nd4 Rb6 23. bxc4 Ba5 24. Ba3 Bb4 25. c5 Rb8 26. Bxb4 Rxb4 27.
Rb1 Ra4 28. Rb2 Bb5+ 29. Kd2 Bc4 30. Ra1 Rd8 31. a3 Rd5 32. Rb4 Bb5 33. Rxa4
Bxa4 34. Rc1 Kd7 35. h4 h5 36. g3 Ke7 37. Kd3 Bb5+ 38. Ke4 Re5+ 39. Kf4 Rd5 40.
Ke4 Re5+ 41. Kf4 Rd5 42. Rc3 g6 43. g4 g5+ 44. hxg5 Rxg5 45. Nf5+ Ke6 46. f3
hxg4 47. fxg4 Bc6 48. e4 Bxe4 49. Re3 Kd5 50. Ne7+ Kxc5 51. Rxe4 Kb5 52. Rb4+
Kc5 53. Rb7 Kd6 54. Nf5+ Kc6 55. Rb8 Kc5 56. Rf8 Rg6 57. Rf7 c6 58. Ne7 Rh6 59.
Ng8 Rh3 60. Nxf6 Rxa3 61. g5 Kd6 62. g6 Ke6 63. Rf8 Ra4+ 64. Ne4 Ra1 65. g7 Rf1+
66. Kg4 Rg1+ 67. Ng3 1-0

[Event "Dutch League 2023-24"]
[Site "Netherlands NED"]
[Date "2023.12.16"]
[Round "5.1"]
[White "Agter, Frank"]
[Black "Tiviakov, Sergei"]
[Result "0-1"]
[BlackTitle "GM"]
[WhiteElo "2244"]
[BlackElo "2552"]
[WhiteTeam "De Waagtoren"]
[BlackTeam "Groninger Combinatie"]
[WhiteFideId "1017349"]
[BlackFideId "1008013"]
[EventDate "2023.09.16"]
[EventType "team"]

1. c4 e5 2. g3 Nf6 3. Bg2 d5 4. cxd5 Nxd5 5. Nc3 Nb6 6. Nf3 Nc6 7. O-O Be7 8. b3
O-O 9. Bb2 f5 10. Rc1 Bf6 11. d3 Nd4 12. e3 Nxf3+ 13. Qxf3 c6 14. Rfd1 Be6 15.
Bh3 Qd7 16. e4 Bg5 17. Rc2 f4 18. Bxe6+ Qxe6 19. g4 Nd7 20. Ne2 Rae8 21. h3 Nf6
22. Rc5 Nd7 23. Rc2 c5 24. Nc3 a5 25. Nd5 Qd6 26. Rdc1 Rf7 27. a3 h6 28. b4 axb4
29. axb4 cxb4 30. Rc7 Nb6 31. Rxf7 Kxf7 32. Rc7+ Be7 33. Rxb7 Nxd5 34. exd5 Rb8
35. Rxb8 Qxb8 36. Qe4 Bf6 37. h4 Qc8 38. Bxe5 Qxg4+ 39. Kf1 Qd1+ 40. Kg2 f3+ 41.
Kh2 Qe2 0-1

[Event "Dutch League 2023-24"]
[Site "Netherlands NED"]
[Date "2023.12.16"]
[Round "5.2"]
[White "Maatman, Nick"]
[Black "De Rover, Yong Hoon"]
[Result "1-0"]
[WhiteTitle "IM"]
[BlackTitle "IM"]
[WhiteElo "2397"]
[BlackElo "2317"]
[WhiteTeam "Groninger Combinatie"]
[BlackTeam "De Waagtoren"]
[WhiteFideId "1040391"]
[BlackFideId "1010298"]
[EventDate "2023.09.16"]
[EventType "team"]

1. d4 Nf6 2. Nf3 g6 3. c4 Bg7 4. Nc3 d5 5. cxd5 Nxd5 6. e4 Nxc3 7. bxc3 c5 8.
Rb1 O-O 9. Be2 Nc6 10. d5 Ne5 11. Nxe5 Bxe5 12. Qd2 e6 13. f4 Bc7 14. O-O exd5
15. exd5 Ba5 16. d6 Rb8 17. Rb3 Be6 18. f5 Bxf5 19. Rxf5 gxf5 20. Qh6 f6 21. c4
Kh8 22. Bf4 Qd7 23. Re3 Rfe8 24. Qxf6+ Qg7 25. Be5 Qxf6 26. Bxf6+ Kg8 27. Be7
Bd8 28. Bh5 Bxe7 29. dxe7 Kg7 30. Re6 a6 31. a4 b5 32. cxb5 axb5 33. axb5 c4 34.
Kf2 c3 35. Bxe8 Rxe8 36. Rc6 Rxe7 37. Rxc3 1-0

[Event "Dutch League 2023-24"]
[Site "Netherlands NED"]
[Date "2023.12.16"]
[Round "5.3"]
[White "Reinderman, Dimitri"]
[Black "De Boer, Eelke"]
[Result "1/2-1/2"]
[WhiteTitle "GM"]
[BlackTitle "FM"]
[WhiteElo "2573"]
[BlackElo "2399"]
[WhiteTeam "De Waagtoren"]
[BlackTeam "Groninger Combinatie"]
[WhiteFideId "1001302"]
[BlackFideId "1048120"]
[EventDate "2023.09.16"]
[EventType "team"]

1. c4 e6 2. e4 d5 3. cxd5 exd5 4. exd5 Nf6 5. Bb5+ Bd7 6. Bc4 Bd6 7. Qe2+ Be7 8.
Nf3 O-O 9. O-O Bg4 10. Nc3 c6 11. dxc6 Nxc6 12. Qe3 Rc8 13. d3 Bd6 14. Bb3 Bc7
15. Ne4 h6 16. h3 Bh5 17. Bd2 Nd5 18. Qc5 Nce7 19. Qd4 Bxf3 20. gxf3 Qd7 21. Bc3
f6 22. Ng3 Kh8 23. Rfe1 Rcd8 24. Qg4 Nf4 25. h4 Neg6 26. Qxd7 Rxd7 27. Nf5 Nxd3
28. Rad1 Bb6 29. Kf1 Ngf4 30. Re4 Rfd8 31. Ba4 Rd5 32. Ne3 Rh5 33. Ng2 Nxg2 34.
Kxg2 Rhd5 35. Kf1 Bc5 36. Bb3 R5d6 37. Re7 b5 38. a3 Bb6 39. Bc2 Kg8 40. Rd2 Kf8
41. Rb7 Nc5 42. Rxd6 Rxd6 43. Rb8+ Kf7 44. h5 Rd8 45. Rxd8 1/2-1/2

[Event "Dutch League 2023-24"]
[Site "Netherlands NED"]
[Date "2023.12.16"]
[Round "5.4"]
[White "Van Foreest, Machteld"]
[Black "Van Tellingen, Frank"]
[Result "1-0"]
[WhiteTitle "FM"]
[BlackTitle "FM"]
[WhiteElo "2332"]
[BlackElo "2275"]
[WhiteTeam "Groninger Combinatie"]
[BlackTeam "De Waagtoren"]
[WhiteFideId "1051563"]
[BlackFideId "1011421"]
[EventDate "2023.09.16"]
[EventType "team"]

1. e4 c5 2. Nf3 d6 3. d4 cxd4 4. Nxd4 Nf6 5. Nc3 a6 6. g3 e5 7. Nb3 Be7 8. Bg2
b5 9. a4 b4 10. Nd5 Nxd5 11. Qxd5 Ra7 12. Be3 Be6 13. Qd2 Rb7 14. O-O O-O 15. f4
Nc6 16. Qe2 a5 17. Rac1 Nb8 18. Rfd1 Qc7 19. Nd2 Bd7 20. b3 Bc6 21. Nc4 Nd7 22.
Qd2 Nf6 23. Nxd6 Rd8 24. fxe5 Nxe4 25. Bxe4 Bxe4 26. Qd4 Bf3 27. Rd2 Qc6 28. Rf1
Rbd7 29. Qb6 Bxd6 30. Rxd6 Rxd6 31. exd6 Qxb6 32. Bxb6 Rxd6 33. Bxa5 Be4 34.
Bxb4 Rc6 35. a5 Rxc2 36. Rd1 h5 37. Rd2 Rc1+ 38. Kf2 Rb1 39. Rd4 f5 40. a6 Rb2+
41. Ke3 Rxb3+ 42. Kf4 Rd3 43. Rc4 Rd7 44. Rc8+ Kh7 45. Bc5 Rd2 46. h4 Ra2 47. a7
Ra6 48. Bd4 Ra3 49. Rc3 Rxc3 50. Bxc3 Kg8 51. Ke5 Kf7 52. Kd6 g5 53. hxg5 Kg6
54. Bd2 1-0

[Event "Dutch League 2023-24"]
[Site "Netherlands NED"]
[Date "2023.12.16"]
[Round "5.5"]
[White "Van Liempt, Michael"]
[Black "Van der Hagen, Loek"]
[Result "1/2-1/2"]
[BlackTitle "FM"]
[WhiteElo "2126"]
[BlackElo "2346"]
[WhiteTeam "De Waagtoren"]
[BlackTeam "Groninger Combinatie"]
[WhiteFideId "1012665"]
[BlackFideId "1052853"]
[EventDate "2023.09.16"]
[EventType "team"]

1. e4 c5 2. Nc3 Nc6 3. f4 g6 4. Nf3 Bg7 5. Bb5 Nd4 6. O-O a6 7. Bc4 e6 8. d3 Ne7
9. Nxd4 cxd4 10. Ne2 b5 11. Bb3 Bb7 12. Qe1 a5 13. a4 b4 14. Qf2 Qb6 15. Rb1 Rc8
16. Bd2 Qc5 17. Rbe1 O-O 18. Ng3 f5 19. exf5 Nxf5 20. Nxf5 gxf5 21. Qh4 Rf6 22.
Re2 Rh6 23. Qe1 Rg6 24. Qd1 Qc6 25. Rff2 Bf6 26. Kf1 Kh8 27. Ke1 Rcg8 28. g3 Bh4
29. Re5 Rxg3 30. hxg3 Bxg3 31. Bd5 exd5 32. Qh5 Bxf2+ 33. Kxf2 Qxc2 34. Qe2 Ba6
35. Re8 d6 36. Rxg8+ 1/2-1/2

[Event "Dutch League 2023-24"]
[Site "Netherlands NED"]
[Date "2023.12.16"]
[Round "5.6"]
[White "Slagboom, Leandro"]
[Black "Vlaming, Jos"]
[Result "1-0"]
[WhiteTitle "FM"]
[WhiteElo "2326"]
[BlackElo "2029"]
[WhiteTeam "Groninger Combinatie"]
[BlackTeam "De Waagtoren"]
[WhiteFideId "1065882"]
[BlackFideId "1005219"]
[EventDate "2023.09.16"]
[EventType "team"]

1. d4 d5 2. c4 e6 3. Nc3 c5 4. cxd5 exd5 5. Nf3 Nc6 6. g3 Nf6 7. Bg2 Be7 8. O-O
O-O 9. dxc5 Bxc5 10. a3 a5 11. Bg5 d4 12. Bxf6 Qxf6 13. Nd5 Qd6 14. Nd2 Bf5 15.
Ne4 Bxe4 16. Bxe4 Rfe8 17. Qc2 h6 18. Rac1 Ba7 19. Bf3 Re6 20. Qb3 Rb8 21. Rfd1
Ne5 22. Nf4 Nxf3+ 23. Qxf3 Rf6 24. Qe4 g5 25. Nd3 Re6 26. Qf3 Rbe8 27. Rd2 Re4
28. Rdc2 Bb6 29. Rc8 Qd7 30. Rxe8+ Rxe8 31. Qh5 Qe6 32. Rc2 Kg7 33. h4 Qf5 34.
hxg5 hxg5 35. Qh1 Qd7 36. Qf3 Re6 37. Qg4 Qe7 38. Kf1 Rc6 39. Rd2 Kf8 40. Kg2 f6
41. Rd1 Qe6 42. Qh5 Qf7 43. Qf3 Rd6 44. Rh1 Bd8 45. Nc5 b6 46. Nb7 g4 47. Qe4
Re6 48. Rh8+ Ke7 49. Qd5 Bc7 50. Nd8 Bxd8 51. Qxd8# 1-0

[Event "Dutch League 2023-24"]
[Site "Netherlands NED"]
[Date "2023.12.16"]
[Round "5.7"]
[White "Konijn, Rob"]
[Black "Elgersma, Simon"]
[Result "0-1"]
[BlackTitle "CM"]
[WhiteElo "2110"]
[BlackElo "2215"]
[WhiteTeam "De Waagtoren"]
[BlackTeam "Groninger Combinatie"]
[WhiteFideId "1011278"]
[BlackFideId "1046101"]
[EventDate "2023.09.16"]
[EventType "team"]

1. e4 c6 2. d4 d5 3. exd5 cxd5 4. c4 Nf6 5. Nc3 g6 6. Nf3 Bg7 7. Be3 O-O 8. Be2
Nc6 9. O-O dxc4 10. Bxc4 b6 11. Rc1 Bb7 12. a3 Rc8 13. Ba2 e6 14. Qe2 a6 15.
Rfd1 Ne7 16. Bg5 h6 17. Bh4 Nf5 18. Bg3 Nxg3 19. hxg3 Qd6 20. Ne5 Rfe8 21. g4 b5
22. Qe3 b4 23. axb4 Qxb4 24. Nd3 Qb6 25. g5 hxg5 26. Nc5 Ba8 27. Bc4 a5 28. Qxg5
Rcd8 29. N5a4 Qb7 30. Bb5 Rf8 31. Nc5 Qb6 32. b3 Qd6 33. Ra1 Nd5 34. N3e4 Qf4
35. Qxf4 Nxf4 36. Rxa5 Rxd4 37. Re1 Rfd8 38. Ra4 R4d5 39. b4 Rd4 40. Kf1 Nd5 41.
Nd7 Nc7 0-1

[Event "Dutch League 2023-24"]
[Site "Netherlands NED"]
[Date "2023.12.16"]
[Round "5.8"]
[White "Hilwerda, Jonas"]
[Black "Geerke, Daan"]
[Result "1-0"]
[WhiteTitle "FM"]
[WhiteElo "2248"]
[BlackElo "2071"]
[WhiteTeam "Groninger Combinatie"]
[BlackTeam "De Waagtoren"]
[WhiteFideId "1046713"]
[BlackFideId "1304526"]
[EventDate "2023.09.16"]
[EventType "team"]

1. Nf3 Nf6 2. c4 g6 3. Nc3 d5 4. cxd5 Nxd5 5. e4 Nxc3 6. bxc3 Bg7 7. Rb1 O-O 8.
h4 h5 9. Ng5 Nd7 10. Be2 Nf6 11. d4 c5 12. O-O Qc7 13. e5 Ng4 14. Bf4 Bf5 15.
Rc1 Rad8 16. Qb3 Qb6 17. Rfd1 Nh6 18. Bf3 Qxb3 19. axb3 Bg4 20. dxc5 f6 21. exf6
exf6 22. Bxg4 Nxg4 23. Ne6 Rxd1+ 24. Rxd1 Re8 25. Rd8 Rxd8 26. Nxd8 Bf8 27. Nxb7
Ne5 28. Bxe5 fxe5 29. c6 1-0

[Event "Dutch League 2023-24"]
[Site "Netherlands NED"]
[Date "2023.12.16"]
[Round "5.9"]
[White "Van Hesselingen, Guido"]
[Black "Jacobs, Florian"]
[Result "0-1"]
[WhiteElo "2016"]
[BlackElo "2216"]
[WhiteTeam "De Waagtoren"]
[BlackTeam "Groninger Combinatie"]
[WhiteFideId "1085735"]
[BlackFideId "1018329"]
[EventDate "2023.09.16"]
[EventType "team"]

1. e4 e5 2. Nf3 Nc6 3. Bc4 Bc5 4. c3 Nf6 5. d3 d6 6. O-O a6 7. a4 Ba7 8. Re1 h6
9. Be3 Bxe3 10. Rxe3 O-O 11. Nbd2 Kh8 12. Re1 Nh5 13. Nxe5 Nxe5 14. Ba2 Qg5 15.
d4 Bh3 16. g3 Qxd2 17. dxe5 Qxd1 18. Raxd1 dxe5 19. f3 Nf6 20. g4 h5 21. Kf2
hxg4 22. Kg3 g5 23. fxg4 Bxg4 24. Rd2 Be6 25. Bb1 Rad8 26. Rg2 Nh5+ 27. Kf3 g4+
28. Ke3 Nf4 29. Rf2 Kg7 30. Bc2 Rh8 0-1

[Event "Dutch League 2023-24"]
[Site "Netherlands NED"]
[Date "2023.12.16"]
[Round "5.10"]
[White "Wempe, Joost"]
[Black "Bakker, Tycho"]
[Result "1/2-1/2"]
[WhiteTitle "FM"]
[WhiteElo "2287"]
[BlackElo "1940"]
[WhiteTeam "Groninger Combinatie"]
[BlackTeam "De Waagtoren"]
[WhiteFideId "1005502"]
[BlackFideId "1077023"]
[EventDate "2023.09.16"]
[EventType "team"]

1. d4 Nf6 2. Nf3 d5 3. g3 e6 4. Bg2 b5 5. O-O Be7 6. a4 c6 7. Bf4 Nbd7 8. axb5
cxb5 9. Nc3 Qb6 10. Qd3 b4 11. Na4 Qc6 12. Ne5 Nxe5 13. dxe5 Ne4 14. c4 bxc3 15.
Nxc3 Nc5 16. Nxd5 exd5 17. Bxd5 Qb6 18. Qf3 Bb7 19. e4 O-O 20. b4 Ne6 21. Be3
Qb5 22. Rfb1 Ng5 23. Qg4 Bxd5 24. exd5 Qxd5 25. Bxg5 Qxe5 26. Ra5 Qc7 27. Rc1
Qd6 28. Bxe7 Qxe7 29. Rac5 Rab8 30. b5 Rb6 31. Rc8 g6 32. R8c7 Qe5 33. R1c5 Qd6
34. Qa4 a6 35. R5c6 Rxc6 36. Rxc6 axb5 37. Qxb5 Rb8 38. Qc4 Qe5 39. Rc7 Qf6 40.
h4 Qf3 41. Qa2 Rd8 42. Rc1 Rd1+ 43. Rxd1 Qxd1+ 44. Kg2 h5 45. Qc4 Qa1 46. Qc6
Qe1 47. Qf6 Qe4+ 48. Qf3 Qe1 49. Qd5 Qe2 50. Qf3 Qe1 51. g4 hxg4 52. Qxg4 Qe5
53. Qg5 Qe4+ 54. Kg3 Qh1 55. Qf6 Qg1+ 56. Kf3 Qd1+ 57. Kf4 Qc1+ 58. Kg4 Qg1+ 59.
Kf3 Qh1+ 60. Ke3 Qe1+ 61. Kf3 Qh1+ 62. Ke3 Qe1+ 63. Kf3 1/2-1/2

[Event "Dutch League 2023-24"]
[Site "Netherlands NED"]
[Date "2023.12.16"]
[Round "5.1"]
[White "Martens, Martin"]
[Black "Nikolic, Predrag"]
[Result "1/2-1/2"]
[WhiteTitle "IM"]
[BlackTitle "GM"]
[WhiteElo "2313"]
[BlackElo "2535"]
[WhiteTeam "HMC Den Bosch"]
[BlackTeam "LSG IntelliMagic"]
[WhiteFideId "1000683"]
[BlackFideId "14400014"]
[EventDate "2023.09.16"]
[EventType "team"]

1. e4 c6 2. d4 g6 3. Nf3 d6 4. Nc3 Bg7 5. Be2 Bg4 6. Be3 Nd7 7. O-O Bxf3 8. Bxf3
Ngf6 9. a4 O-O 10. a5 Qc7 11. g4 e5 12. Bg2 b5 13. axb6 axb6 14. Rxa8 Rxa8 15.
h3 b5 16. Ne2 Nb6 17. Qd3 Nc4 18. Bc1 exd4 19. Nxd4 Nd7 20. b3 Nc5 21. Qd1 Nb6
22. Re1 Ra1 23. Qd2 Nbd7 24. Rd1 Ra2 25. Qe3 Nf8 26. e5 dxe5 27. Nxc6 Nce6 28.
Qd3 Nd4 29. Nb4 Ra5 30. Bd2 Ra7 31. Be3 Ra5 32. Bd2 Ra3 33. Bc1 Ra1 34. Bb2
Rxd1+ 35. Qxd1 Qc5 36. c3 Nde6 37. Qd5 Qb6 38. Qc6 Qb8 39. Bf1 Nf4 40. Bc1 N8e6
41. Be3 e4 42. Qxe4 Bxc3 43. Nd5 Nxd5 44. Qxd5 b4 45. Bc4 Qc7 46. Qe4 1/2-1/2

[Event "Dutch League 2023-24"]
[Site "Netherlands NED"]
[Date "2023.12.16"]
[Round "5.2"]
[White "Pijpers, Arthur"]
[Black "Burg, Twan"]
[Result "1/2-1/2"]
[WhiteTitle "IM"]
[BlackTitle "GM"]
[WhiteElo "2466"]
[BlackElo "2509"]
[WhiteTeam "LSG IntelliMagic"]
[BlackTeam "HMC Den Bosch"]
[WhiteFideId "1019554"]
[BlackFideId "1010697"]
[EventDate "2023.09.16"]
[EventType "team"]

1. e4 e5 2. Nf3 Nf6 3. Nxe5 d6 4. Nf3 Nxe4 5. d4 d5 6. Bd3 Bd6 7. O-O O-O 8. c4
c6 9. cxd5 cxd5 10. Nc3 Re8 11. Re1 Nxc3 12. Rxe8+ Qxe8 13. bxc3 Nd7 14. Qb3 Nb6
15. Ba3 1/2-1/2